LEADER 01342nam a2200313 i 4500 001 991001057709707536 005 20020507182429.0 008 961008s1984 us ||| | eng 020 $a0898711894 035 $ab10795017-39ule_inst 035 $aLE01306368$9ExL 040 $aDip.to Matematica$beng 082 0 $a519.2 084 $aAMS 60F10 100 1 $aVaradhan, S. R. S.$054742 245 10$aLarge deviations and applications /$cS. R. S. Varadhan 260 $aPhiladelphia, Pa. :$bSIAM (Society for Industrial and Applied Mathematics),$c1984 300 $av, 75 p. ;$c25 cm. 490 0 $aCBMS-NSF Regional conference series in applied mathematics ;$v46 500 $aBibliography: p. 75. 500 $aConsists of notes based on lectures given at a conference at the University of Southern Illinois at Carbondale during June 1982 650 4$aLarge deviations 907 $a.b10795017$b23-02-17$c28-06-02 912 $a991001057709707536 945 $aLE013 60F VAR11 (1984)$g1$i2013000069531$lle013$o-$pE0.00$q-$rl$s- $t0$u0$v0$w0$x0$y.i10896351$z28-06-02 945 $aLE025 ECO 519.5 VAR01.01$g1$i2025000121362$lle025$o-$pE0.00$q-$rl$s- $t0$u0$v0$w0$x0$y.i14571961$z03-10-07 996 $aLarge deviations and applications$9921550 997 $aUNISALENTO 998 $ale013$ale025$b01-01-96$cm$da $e-$feng$gus $h0$i1 LEADER 01182nam--2200397---450- 001 990002131090203316 005 20111206121147.0 035 $a000213109 035 $aUSA01000213109 035 $a(ALEPH)000213109USA01 035 $a000213109 100 $a20041102d1934----km-y0itay0103----ba 101 0 $aita 102 $aIT 105 $a||||||||001yy 200 1 $aFilosofi del Novecento$eappendice a La filosofia contemporanea$fGuido De Ruggiero 210 $aBari$cLaterza$d1934 215 $aVII, 296 p.$d20 cm 606 0 $aFilosofi$2BNCF 676 $a190.922 700 1$aDE RUGGIERO,$bGuido$011779 801 0$aIT$bsalbc$gISBD 912 $a990002131090203316 951 $aXV.2.A. 959$b1826 F.C.$cXV.2.A. 951 $aFC M 969$bF.C.$cFC M 959 $aBK 969 $aCUOMO 969 $aDILAM 979 $aSIAV2$b10$c20041102$lUSA01$h1604 979 $aDILAM1$b90$c20080613$lUSA01$h1457 979 $aCACCAVO$b90$c20111116$lUSA01$h1643 979 $aCACCAVO$b90$c20111116$lUSA01$h1646 979 $aCACCAVO$b90$c20111116$lUSA01$h1647 979 $aCACCAVO$b90$c20111206$lUSA01$h1211 996 $aFilosofi del Novecento$992502 997 $aUNISA